Verbe irrégulier en anglais - Statistiques

Statistiques générales
  • Ce quiz a été pris 201 fois
    151 depuis la dernière actualisation
  • Le résultat moyen est 26 sur 166
Statistiques - réponses
verbe en français infinitif-prétérit-participe passé % Correct
manger eat ate eaten
94%
lire read read read
71%
rencontrer meet met met
53%
boire drink drank drunk
51%
nourir feed fed fed
49%
couper cut cut cut
41%
courir run ran run
40%
tomber fall fell fallen
38%
penser think thought thought
38%
être be was been
37%
faire do did done
36%
conduire drive drove driven
36%
choisir choose chose chosen
35%
chanter sing sang sung
35%
aller go went gone
34%
dormir sleep slept slept
34%
devenir become became become
32%
payer pay paid paid
32%
parler speak spoke spoken
32%
gagner win won won
32%
casser break broke broken
31%
voler (avion) fly flew flown
31%
écrire write wrote written
31%
couter cost cost cost
30%
mettre put put put
30%
voir see saw seen
30%
venir come came come
29%
acheter buy bought bought
28%
oublier forget forgot forgotten
28%
donner give gave given
28%
avoir have had had
28%
apprendre learn learnt learnt
28%
battre beat beat beaten
27%
construire build built built
27%
garder keep kept kept
27%
perdre lose lost lost
27%
commencer begin began begun
26%
pardonner forgive forgave forgiven
26%
dire say said said
26%
envoyer send sent sent
26%
trouver find found found
25%
attraper catch caught caught
24%
rêver dream dreamt dreamt
24%
dépenser spend spent spent
24%
comprendre understand understood understood
24%
glisser slide slid slid
23%
nager swim swam swum
23%
raconter tell told told
23%
mordre bite bit bitten
22%
saigner bleed bled bled
22%
geler freeze froze frozen
22%
entendre hear heard heard
22%
parier bet bet bet
21%
brûler burn burnt burnt
21%
obtenir get got got
21%
se cacher hide hid hidden
21%
savoir/connaître know knew known
21%
quitter/laisser leave left left
21%
quitter/abandonner quit quit quit
21%
vendre sell sold sold
21%
s'asseoir sit sat sat
21%
mener lead led led
20%
prendre take took taken
20%
interdire forbid forbade forbidden
19%
frapper hit hit hit
19%
apporter bring brought brought
18%
faire make made made
18%
briller shine shone shone
18%
tirer/dessiner draw drew drawn
17%
combattre fight fought fought
17%
être debout stand stood stood
17%
enseigner teach taught taught
17%
souffler blow blew blown
16%
(se) sentir feel felt felt
16%
s'agenouiller kneel knelt knelt
16%
voler steal stole stolen
16%
tenir hold held held
15%
sonner/résonner ring rang rung
15%
secouer shake shook shaken
15%
sentir/flairer smell smelt smelt
15%
coller stick stuck stuck
15%
réveiller awake awoke awoken
14%
cultiver/pousser/grandir grow grew grown
13%
vouloir dire/signifier mean meant meant
13%
fermer shut shut shut
13%
prêter lend lent lent
12%
tirer/tuer par balle/filmer shoot shot shot
12%
montrer show showed shown
12%
jurer swear swore sworn
12%
se courber bend bent bent
11%
éclater burst burst burst
11%
pendre hang hung hung
11%
laisser/louer let let let
11%
porter/user wear wore worn
11%
fuir flee fled fled
10%
(se) réveiller/(se) ranimer wake woke woken
10%
ramper/se glisser/se hérisser creep crept crept
9%
enfoncer/couler sink sank sunk
9%
cracher spit spat spat
9%
puer stink stank stunk
9%
jeter throw threw thrown
9%
distribuer/traiter deal dealt dealt
8%
(se) contracter/(se) rétrécir shrink shrank shrunk
8%
épeler/orthographier spell spelt spelt
8%
déchirer tear tore torn
8%
mouiller wet wet wet
8%
élever breed bred bred
7%
jeter cast cast cast
7%
allumer light lit lit
7%
se lever rise rose risen
7%
chercher seek sought sought
7%
abîmer/gâter/gacher spoil spoilt spoilt
7%
broyer/moudre grind ground ground
6%
pleurer weep wept wept
6%
étendre/coucher lay laid laid
5%
mettre set set set
5%
(se) fendre split split split
5%
épouser/marier wed wed wed
5%
porter/supporter/soutenir bear bore borne
4%
lier bind bound bound
4%
tricoter knit knit knit
4%
sauter/bondir leap leapt leapt
4%
reposer/être coucher lie lay lain
4%
scier saw sawed sawn
4%
bondir spring sprung sprung
4%
piquer/brûler sting stung stung
4%
balayer sweep swept swept
4%
ordonner bid bade bidden
3%
faucher/tondre mow mowed mown
3%
semer sow sowed sown
3%
balancer swing swung swung
3%
monter ride rode ridden
2%
se débarrasser rid rid ridden
2%
coudre sew sewed sewn
2%
tuer slay slew slain
2%
lancer sling slung slung
2%
se presser speed sped sped
2%
(se) renverser/(se) répandre spill spilt spilt
2%
étendre spread spread spread
2%
frapper/se mettre en grève strike struck struck
2%
s'efforcer strive strove striven
2%
gonfler swell swelled swollen
2%
prospérer thrive throve thriven
2%
piétiner/fouler/marcher tread trod trodden
2%
tordre wring wrung wrung
2%
se cramponner cling clung clung
1%
pencher lean leant leant
1%
prouver prove proved proven
1%
faire tourner/filer spin span spun
1%
marcher à grand pas stride strode stridden
1%
engendrer beget begat begotten
0%
chanter (un coq)/jubiler crow crew crowed
0%
bêcher dig dug dug
0%
habiter/rester dwell dwelt dwelt
0%
jeter fling flung flung
0%
lever heave hove hove
0%
nuire hurt hurt hurt
0%
tondre shear sheared shorn
0%
perdre (feuilles)/laisser tomber (larmes/sang) shed shed shed
0%
chausser shoe shod shod
0%
aller furtivement slink slunk slunk
0%
(se) fendre slit slit slit
0%
ficeler string strung strung
0%
pousser thrust thrust thrust
0%
tisser/tresser/tituber weave wove woven
0%
remonter wind wound wound
0%
Aucun quiz correspondant
Distribution des résultats
% des personnes avec chaque résultat
Percentile par nombre de réponses
Votre historique - résultats
Vous n’avez pas pris ce quiz depuis la dernière actualisation